WORLDWIDE BUSINESS tax guide. 3 Vols. (Record no. 550452)

MARC details
000 -LEADER
fixed length control field 00818nam a2200253Ia 4500
003 - CONTROL NUMBER IDENTIFIER
control field OSt
005 - DATE AND TIME OF LATEST TRANSACTION
control field 20220925204811.0
008 - FIXED-LENGTH DATA ELEMENTS--GENERAL INFORMATION
fixed length control field 220923b |||||||| |||| 00| 0 eng d
020 ## - INTERNATIONAL STANDARD BOOK NUMBER
International Standard Book Number 9789351297758
037 ## - SOURCE OF ACQUISITION
Terms of availability General Book
040 ## - CATALOGING SOURCE
Original cataloging agency RTL
Transcribing agency RTL
Language of cataloging eng
041 ## - LANGUAGE CODE
Source of code eng
Language code of text/sound track or separate title eng
245 #0 - TITLE STATEMENT
Title WORLDWIDE BUSINESS tax guide. 3 Vols.
250 ## - EDITION STATEMENT
Edition statement 6th.
260 ## - PUBLICATION, DISTRIBUTION, ETC.
Place of publication, distribution, etc. Gurgaon
Name of publisher, distributor, etc. Wolters Kluwer
Date of publication, distribution, etc. 2017
490 ## - SERIES STATEMENT
Volume/sequential designation 01584050: V1 (xii,1575p)
500 ## - GENERAL NOTE
General note Bibliography chapterwise; Appendix: p 355-364; Glossary: p 365-377
650 ## - SUBJECT ADDED ENTRY--TOPICAL TERM
Topical term or geographic name entry element Commerce
942 ## - ADDED ENTRY ELEMENTS (KOHA)
Classification part X7243.1, Q7.1-.3/RR
Koha item type General Books
Source of classification or shelving scheme Colon Classification (CC)
Holdings
Withdrawn status Lost status Damaged status Not for loan Home library Current library Date acquired Source of acquisition Cost, normal purchase price Serial Enumeration / chronology Total Checkouts Full call number Barcode Date last seen Cost, replacement price Price effective from Koha item type
        Ratan Tata Library Ratan Tata Library 2022-09-25 5934, 20/02/2019, RAJKIRAN BOOK AGENCY 11995.00 01584050: V1 (xii,1575p)   X7243.1 Q7.1-.3/RR RT1584050 2022-09-25 11995.00 2022-09-25 General Books
Copyright @ Delhi University Library System